V meraní síl neprepadli V SOU v Prievidzi zvládli transformačné podmienky

Bibliographic Details
Main Author: Stiegel, Jozef (Author)
Format: Article
Language:Slovak
Subjects:

MARC

LEADER 00000nab a2200000 a 4500
001 vtls000643077
003 SK-MaSNL
005 20260302184010.0
008 160401c1997 xo 0 slo
015 |a SNBRB19rr/mm-uuuuu 
035 |a CL0643216 
040 |a SNKBUCL  |b slo  |c SNKBUCL  |e AACR2 
041 0 |a slo 
044 |a xo  |c SK 
080 |a 377.35(437.6)  |2 1981 
100 1 |a Stiegel, Jozef  |4 aut  |9 324748 
245 1 0 |a V meraní síl neprepadli  |b V SOU v Prievidzi zvládli transformačné podmienky  |c Jozef Stiegel 
650 0 7 |a Stredné odborné učilište, Prievidza  |2 snkbucl  |9 898486 
651 7 |a 5308  |2 snkbucl  |9 279395 
655 7 |a články z novín a časopisov  |2 snkbucl  |9 267496 
773 0 |t Slovenský profit  |g Roč. 5, č. 47 (1997), s. 18 
850 |a Slovenská národná knižnica v Martine  |a MTA001 
852 |a SNK  |b KIS3GCP 
958 |a SK 
958 |a RK 
958 |a RBX 
999 |c 1423821  |d 1425751